<?xml version="1.0" encoding="UTF-8"?>
<collection xmlns="http://www.loc.gov/MARC21/slim">
 <record>
  <leader>01793nam a2200217Ia 4500</leader>
  <controlfield tag="001">CTU_221907</controlfield>
  <controlfield tag="008">210402s9999    xx            000 0 und d</controlfield>
  <datafield tag="020" ind1=" " ind2=" ">
   <subfield code="c">59000</subfield>
  </datafield>
  <datafield tag="082" ind1=" " ind2=" ">
   <subfield code="a">628.44</subfield>
  </datafield>
  <datafield tag="082" ind1=" " ind2=" ">
   <subfield code="b">T406</subfield>
  </datafield>
  <datafield tag="100" ind1=" " ind2=" ">
   <subfield code="a">Phạm, Văn Toàn</subfield>
  </datafield>
  <datafield tag="245" ind1=" " ind2="0">
   <subfield code="a">Giáo trình công nghệ môi trường đại cương</subfield>
  </datafield>
  <datafield tag="245" ind1=" " ind2="0">
   <subfield code="c">Phạm Văn Toàn, Kim Lavane, Lê Hoàng Việt (biên soạn)</subfield>
  </datafield>
  <datafield tag="260" ind1=" " ind2=" ">
   <subfield code="a">Cần Thơ</subfield>
  </datafield>
  <datafield tag="260" ind1=" " ind2=" ">
   <subfield code="b">Nxb. Đại học Cần Thơ</subfield>
  </datafield>
  <datafield tag="260" ind1=" " ind2=" ">
   <subfield code="c">2017</subfield>
  </datafield>
  <datafield tag="520" ind1=" " ind2=" ">
   <subfield code="a">Với mục tiêu, đối tượng như trên và với thời lượng giảng dạy cho phép, các nội dung cần thiết được trình bày trong bảy chương: chương 1 giới thiệu ngành công nghệ môi trường và mối quan hệ của nó đối với các ngành khoa học khác; chương 2 đề cập đến một số kiến thức về sinh thái học làm cơ sở khoa học cho các hoạt động bảo vệ môi trường; chương 3 nêu các xáo trộn của hệ sinh thái do các hoạt động tự nhiên và nhân tạo, và sự ô nhiễm môi trường do các hoạt động này gây ra; từ chương 4 đến chương 7 các vấn đề về ô nhiễm của các môi trường chuyên biệt như nước, không khí, đất và các quan điểm quản lý, các giải pháp xử lý sẽ được trình bày.</subfield>
  </datafield>
  <datafield tag="650" ind1=" " ind2=" ">
   <subfield code="a">Refuse and refuse disposal,Rác và xử lý rác,Rác và xử lý rác,Technology</subfield>
  </datafield>
  <datafield tag="650" ind1=" " ind2=" ">
   <subfield code="x">Environmental aspects</subfield>
  </datafield>
  <datafield tag="904" ind1=" " ind2=" ">
   <subfield code="i">Trọng Hải</subfield>
  </datafield>
  <datafield tag="980" ind1=" " ind2=" ">
   <subfield code="a">Trung tâm Học liệu Trường Đại học Cần Thơ</subfield>
  </datafield>
 </record>
</collection>
